Optimum harvest maturity for guayule seed (Record no. 64449)
[ view plain ]
| 000 -LEADER | |
|---|---|
| fixed length control field | 00489nam a2200193Ia 4500 |
| 100 ## - MAIN ENTRY--AUTHOR NAME | |
| Personal name | Bedane G M |
| 245 #0 - TITLE STATEMENT | |
| Title | Optimum harvest maturity for guayule seed |
| 260 ## - PUBLICATION, DISTRIBUTION, ETC. (IMPRINT) | |
| Name of publisher | Industrial Crops and Products |
| Year of publication | 2006 |
| 300 ## - PHYSICAL DESCRIPTION | |
| Number of Pages | 26-33 |
| 650 ## - SUBJECT ADDED ENTRY--TOPICAL TERM | |
| Topical Term | Guayule seed |
| 650 ## - SUBJECT ADDED ENTRY--TOPICAL TERM | |
| Topical Term | Harvesting date |
| 650 ## - SUBJECT ADDED ENTRY--TOPICAL TERM | |
| Topical Term | Moisture content |
| 650 ## - SUBJECT ADDED ENTRY--TOPICAL TERM | |
| Topical Term | Seed germination |
| 700 ## - ADDED ENTRY--PERSONAL NAME | |
| Personal name | George D L |
| 700 ## - ADDED ENTRY--PERSONAL NAME | |
| Personal name | Gupta M L |
| 856 ## - ELECTRONIC LOCATION AND ACCESS | |
| Uniform Resource Identifier | CAB CD |
| 942 ## - ADDED ENTRY ELEMENTS (KOHA) | |
| Koha item type | Journals |
| Withdrawn status | Lost status | Damaged status | Not for loan | Home library | Current library | Shelving location | Date acquired | Serial Enumeration / chronology | Koha item type |
|---|---|---|---|---|---|---|---|---|---|
| Journals | RRII Library | RRII Library | Rubber yielding plants | 01/01/2021 | Volume 24, Issue 1 | Journals |